00468nam a2200169Ia 4500003000900000008004100009040001600050080001700066100002100083245006300104260003600167300001100203500002600214650002100240650001900261650001800280IN-BaIIA211028s9999 xx 000 0 eng d cIIA Library a535.375bBHA aBhagavantham, S. 0aScattering of light and the Raman effectcS. Bhagavantham  aWaltairbAndra Universityc1940 ax,333p aDonated by Mrs. Bappu aLight Scattering aNASA Thesaurus aRaman spectra